[Event "29. Torneo San Viator 2017 - Torneo B"]
[Site "Madrid ESP"]
[Date "2017.10.08"]
[Round "4.45"]
[White "Serrano Ruiz, Miguel"]
[Black "Insua Rodriguez, Antonio"]
[Result "1-0"]
[WhiteElo "1237"]
[BlackElo "1373"]
[PlyCount "91"]
[EventDate "2017.09.17"]
[EventType "swiss"]
[EventRounds "9"]
[EventCountry "ESP"]
[SourceTitle "Ajedrez en Madrid"]
[Source "lmi"]
[SourceDate "2017.09.17"]

1. e4 e6 2. d4 d5 3. exd5 exd5 4. Bd3 Nc6 5. c3 Bd6 6. Nf3 Bg4 7. h3 Bh5 8. O-O
Nge7 9. Qc2 Bxf3 10. gxf3 Qd7 11. Kg2 O-O-O 12. Bg5 f6 13. Bh4 Ng6 14. Bg3 Bxg3
15. Bf5 Qxf5 16. Qxf5+ Kb8 17. fxg3 Rhe8 18. Kf2 Na5 19. Nd2 Ne7 20. Qg4 g6 21.
h4 Nf5 22. Rfe1 Rg8 23. Re2 b6 24. Rae1 Nc6 25. h5 Nh6 26. Qh4 g5 27. Qh2 Rdf8
28. Re6 Kb7 29. Kg2 g4 30. f4 Nf5 31. Kf2 Nd8 32. R6e2 Nf7 33. Qh1 c6 34. Re6
Nd8 35. R6e2 Nf7 36. a4 N7d6 37. Re6 Kc7 38. b4 Rc8 39. Rxf6 Ng7 40. b5 Nge8
41. Rfe6 cxb5 42. axb5 Ng7 43. Re7+ Kb8 44. Qxd5 Rgd8 45. Rxa7 Ne4+ 46. Qxe4
1-0

[Event "29. Torneo San Viator 2017 - Torneo B"]
[Site "Madrid ESP"]
[Date "2017.10.08"]
[Round "4.46"]
[White "Amador Andujar, Gabriel"]
[Black "Pastor Diaz, David"]
[Result "0-1"]
[WhiteElo "1090"]
[BlackElo "1323"]
[PlyCount "54"]
[EventDate "2017.09.17"]
[EventType "swiss"]
[EventRounds "9"]
[EventCountry "ESP"]
[SourceTitle "Ajedrez en Madrid"]
[Source "lmi"]
[SourceDate "2017.09.17"]

1. e4 e5 2. Qh5 d6 3. Bc4 Qe7 4. d3 g6 5. Qf3 Nf6 6. Bg5 Bg7 7. Nc3 c6 8. b4 b5
9. a4 bxc4 10. dxc4 Nbd7 11. b5 Bb7 12. a5 cxb5 13. cxb5 a6 14. Nge2 h6 15.
Bxf6 Nxf6 16. bxa6 Rxa6 17. Qd3 O-O 18. O-O Rd8 19. Rfb1 d5 20. exd5 Nxd5 21.
Qb5 Nxc3 22. Nxc3 Rd2 23. Na4 Qg5 24. g3 Qf5 25. Nc5 Rf6 26. Nxb7 Qxf2+ 27. Kh1
Qg2# 0-1

[Event "29. Torneo San Viator 2017 - Torneo B"]
[Site "Madrid ESP"]
[Date "2017.10.22"]
[Round "5.1"]
[White "Aldea Moreno, Marina"]
[Black "San Felipe Gonzalez, Tomas"]
[Result "0-1"]
[WhiteElo "1479"]
[BlackElo "1689"]
[PlyCount "76"]
[EventDate "2017.09.17"]
[EventType "swiss"]
[EventRounds "9"]
[EventCountry "ESP"]
[SourceTitle "Ajedrez en Madrid"]
[Source "lmi"]
[SourceDate "2017.09.17"]

1. e4 e6 2. d4 d5 3. exd5 exd5 4. Nf3 Nf6 5. Bd3 Be7 6. h3 Nbd7 7. c4 O-O 8.
O-O dxc4 9. Bxc4 Nb6 10. Bb3 Bd7 11. Nc3 Bc6 12. Ne5 Bd5 13. Nxd5 Nfxd5 14. Qf3
Bf6 15. Re1 c6 16. Bd2 a5 17. a3 Nc7 18. Be3 Nbd5 19. Rac1 Nxe3 20. Qxe3 Bg5
21. f4 Bf6 22. Qe4 Ne6 23. Bc2 Qxd4+ 24. Kh2 Qxe4 25. Bxe4 Rfd8 26. Kg3 h6 27.
Red1 Nxf4 28. Kxf4 Bg5+ 29. Kf3 Bxc1 30. Rxc1 Rd2 31. Rc2 Rad8 32. Ke3 Rxc2 33.
Bxc2 Re8 34. Kd4 c5+ 35. Kd5 Rd8+ 36. Kxc5 Rc8+ 37. Kb5 Rxc2 38. Kxa5 Rc5+ 0-1

[Event "29. Torneo San Viator 2017 - Torneo B"]
[Site "Madrid ESP"]
[Date "2017.10.22"]
[Round "5.2"]
[White "Merino Araguas, Jose Javier"]
[Black "Rojo Jorge, Luis"]
[Result "1-0"]
[WhiteElo "1680"]
[BlackElo "1525"]
[PlyCount "55"]
[EventDate "2017.09.17"]
[EventType "swiss"]
[EventRounds "9"]
[EventCountry "ESP"]
[SourceTitle "Ajedrez en Madrid"]
[Source "lmi"]
[SourceDate "2017.09.17"]

1. d4 Nf6 2. Nf3 g6 3. c4 d5 4. Nc3 Bg7 5. Bg5 e6 6. e3 O-O 7. Bd3 c5 8. cxd5
cxd4 9. Nxd4 exd5 10. Qb3 Nc6 11. O-O Re8 12. Bb5 Nxd4 13. exd4 Re6 14. Bxf6
Bxf6 15. Nxd5 Bxd4 16. Rad1 Bg7 17. Bc4 Rd6 18. Rfe1 b6 19. Ne7+ Kh8 20. Rxd6
Qxd6 21. Bd5 Rb8 22. Nc6 Rb7 23. Re8+ Bf8 24. Rxc8 Kg8 25. Rd8 Qc5 26. g3 Rc7
27. Qc3 Qb5 28. Rxf8+ 1-0

[Event "29. Torneo San Viator 2017 - Torneo B"]
[Site "Madrid ESP"]
[Date "2017.10.22"]
[Round "5.3"]
[White "Navarro Gonzalez, Jaime"]
[Black "Fernandez Garcia, Emilio"]
[Result "1-0"]
[WhiteElo "1748"]
[BlackElo "1579"]
[PlyCount "79"]
[EventDate "2017.09.17"]
[EventType "swiss"]
[EventRounds "9"]
[EventCountry "ESP"]
[SourceTitle "Ajedrez en Madrid"]
[Source "lmi"]
[SourceDate "2017.09.17"]

1. e4 c6 2. d4 d5 3. Nd2 dxe4 4. Nxe4 Nd7 5. Bd3 Ngf6 6. Nf3 Nxe4 7. Bxe4 Nf6
8. Bd3 Bg4 9. c3 e6 10. O-O Qc7 11. Bg5 Be7 12. Be2 Bxf3 13. Bxf3 O-O-O 14. Qa4
Kb8 15. b4 h6 16. Be3 Nd5 17. c4 Nxe3 18. fxe3 Bd6 19. h3 h5 20. b5 cxb5 21.
Qxb5 Qb6 22. Qa4 Qb4 23. Qxb4 Bxb4 24. Rab1 a5 25. a3 Bxa3 26. Rxb7+ Kc8 27.
Rxf7 Rd7 28. Bd1 Bc1 29. Rf8+ Rxf8 30. Rxf8+ Kc7 31. Kf2 e5 32. d5 Bb2 33. e4
Kd6 34. Rc8 Bd4+ 35. Ke1 Ra7 36. Ba4 Rb7 37. Bb5 Rf7 38. c5+ Ke7 39. d6+ Ke6
40. Bc4+ 1-0

[Event "29. Torneo San Viator 2017 - Torneo B"]
[Site "Madrid ESP"]
[Date "2017.10.22"]
[Round "5.4"]
[White "Lopez Nunez, Alonso"]
[Black "Alvarez Poves, Jesus"]
[Result "0-1"]
[WhiteElo "1549"]
[BlackElo "1598"]
[PlyCount "114"]
[EventDate "2017.09.17"]
[EventType "swiss"]
[EventRounds "9"]
[EventCountry "ESP"]
[SourceTitle "Ajedrez en Madrid"]
[Source "lmi"]
[SourceDate "2017.09.17"]

1. e4 c5 2. Nf3 d6 3. Bb5+ Bd7 4. a4 a6 5. Bxd7+ Qxd7 6. O-O Nc6 7. Re1 Nf6 8.
e5 dxe5 9. Nxe5 Nxe5 10. Rxe5 Rc8 11. d3 g6 12. Qf3 Bg7 13. Bg5 O-O 14. Nc3
Rfe8 15. Rae1 b5 16. axb5 axb5 17. h3 b4 18. Nd1 Qd6 19. Bf4 Rcd8 20. Qb7 Nd5
21. Rxd5 Qxd5 22. Qc7 Rd7 23. Qb6 e5 24. Bh2 Qd6 25. Qb5 Rb8 26. Qc4 Qd5 27.
Qxd5 Rxd5 28. b3 Rbd8 29. Ne3 Rd4 30. Nc4 f6 31. f3 Ra8 32. Kf2 Kf7 33. Bg1 Bf8
34. Ke2 Rdd8 35. Be3 Ra6 36. Rd1 Rda8 37. Bc1 Ra1 38. Bb2 Rxd1 39. Kxd1 Ke6 40.
Ke2 Bh6 41. g3 Bg7 42. Ke3 f5 43. Kf2 Ra2 44. Ke2 Bf6 45. Kd2 Ra6 46. Ke3 f4+
47. gxf4 exf4+ 48. Kd2 Bxb2 49. Nxb2 Kf6 50. Na4 Rc6 51. Nb2 Re6 52. Nc4 Kg5
53. Na5 Kh4 54. Nb7 Re5 55. Nd6 Kxh3 56. Ne4 Kg2 57. Ke2 h5 0-1

[Event "29. Torneo San Viator 2017 - Torneo B"]
[Site "Madrid ESP"]
[Date "2017.10.22"]
[Round "5.5"]
[White "Villanueva Ortega, Ruben"]
[Black "Mateos Cordero, Francisco"]
[Result "1-0"]
[WhiteElo "1744"]
[BlackElo "1618"]
[PlyCount "45"]
[EventDate "2017.09.17"]
[EventType "swiss"]
[EventRounds "9"]
[EventCountry "ESP"]
[SourceTitle "Ajedrez en Madrid"]
[Source "lmi"]
[SourceDate "2017.09.17"]

1. e4 c5 2. a3 e6 3. Nc3 g6 4. d3 Bg7 5. g3 Nc6 6. Be3 d6 7. Bg2 Nge7 8. Qd2
O-O 9. Bh6 Nd4 10. Bxg7 Kxg7 11. h4 h6 12. Nge2 Rb8 13. Nxd4 cxd4 14. Ne2 Qb6
15. Qb4 Qxb4+ 16. axb4 e5 17. c3 a6 18. cxd4 Nc6 19. d5 Nxb4 20. Kd2 Ra8 21.
Ra4 a5 22. Rha1 b6 23. Rxb4 1-0

[Event "29. Torneo San Viator 2017 - Torneo B"]
[Site "Madrid ESP"]
[Date "2017.10.22"]
[Round "5.6"]
[White "Correas Aguilera, Eufemio"]
[Black "Bustos Bernardo, Diego"]
[Result "1-0"]
[WhiteElo "1621"]
[BlackElo "1730"]
[PlyCount "95"]
[EventDate "2017.09.17"]
[EventType "swiss"]
[EventRounds "9"]
[EventCountry "ESP"]
[SourceTitle "Ajedrez en Madrid"]
[Source "lmi"]
[SourceDate "2017.09.17"]

1. Nf3 Nf6 2. c4 e6 3. g3 d5 4. Bg2 Be7 5. O-O O-O 6. b3 c5 7. e3 Nc6 8. Bb2 b6
9. Nc3 Bb7 10. cxd5 Nxd5 11. Nxd5 Qxd5 12. d4 Nb4 13. a3 Na6 14. Rc1 cxd4 15.
Bxd4 Bxa3 16. Ne1 Qd7 17. Bxb7 Qxb7 18. Rc2 Bc5 19. Be5 Qe4 20. Bxg7 Kxg7 21.
Qa1+ Kg8 22. Qxa6 Rfd8 23. Rc4 Qd5 24. Ng2 Qe5 25. Rg4+ Kh8 26. Qc4 Rac8 27.
Rc1 Bf8 28. Qf1 Rc3 29. Rxc3 Qxc3 30. Qb1 Qd3 31. Qa1+ Rd4 32. Qxd4+ Qxd4 33.
Rxd4 a5 34. Rd8 Kg7 35. Nf4 Bb4 36. Rb8 Kf6 37. Rxb6 Kf5 38. Nd3 Bc3 39. Kf1
Ke4 40. Ke2 e5 41. Nc5+ Kd5 42. Nd3 f5 43. Rh6 e4 44. Nc1 Kc5 45. Rxh7 Kb4 46.
Kd1 Ka3 47. Rf7 Bb2 48. Rxf5 1-0

[Event "29. Torneo San Viator 2017 - Torneo B"]
[Site "Madrid ESP"]
[Date "2017.10.22"]
[Round "5.7"]
[White "Mora Marin, Guillermo"]
[Black "Amador Andujar, Alfredo"]
[Result "1/2-1/2"]
[WhiteElo "1656"]
[BlackElo "1610"]
[PlyCount "87"]
[EventDate "2017.09.17"]
[EventType "swiss"]
[EventRounds "9"]
[EventCountry "ESP"]
[SourceTitle "Ajedrez en Madrid"]
[Source "lmi"]
[SourceDate "2017.09.17"]

1. d4 Nf6 2. c4 e6 3. Nc3 Bb4 4. Bd2 b6 5. e3 Bb7 6. a3 Bxc3 7. Bxc3 d5 8. c5
bxc5 9. dxc5 Nbd7 10. b4 O-O 11. Nf3 Ne4 12. Bb2 a5 13. Qc2 c6 14. Bd3 Ndf6 15.
O-O Qe7 16. Ne5 h6 17. Qe2 Rfb8 18. Rfd1 Ra7 19. Bd4 Ba8 20. Rdb1 Qe8 21. Ng4
Qe7 22. Be5 Rbb7 23. Bd4 axb4 24. axb4 Rxa1 25. Rxa1 Ra7 26. f3 Nxg4 27. fxe4
Rxa1+ 28. Bxa1 Nf6 29. Qb2 Qd7 30. Qe5 Bb7 31. Qb8+ Qc8 32. Qg3 Qd8 33. exd5
exd5 34. Qe5 Qe8 35. Qf4 Ba8 36. Bd4 Bb7 37. Kf2 Qe6 38. h3 Ne4+ 39. Ke2 f6 40.
Bxe4 dxe4 41. Qc7 Ba6+ 42. Kf2 Qf5+ 43. Kg1 Bb5 44. Qd8+ 1/2-1/2

[Event "29. Torneo San Viator 2017 - Torneo B"]
[Site "Madrid ESP"]
[Date "2017.10.22"]
[Round "5.8"]
[White "Alcojor Patilla, Antonio"]
[Black "Arias Cusio, Oscar"]
[Result "0-1"]
[WhiteElo "1618"]
[BlackElo "1655"]
[PlyCount "90"]
[EventDate "2017.09.17"]
[EventType "swiss"]
[EventRounds "9"]
[EventCountry "ESP"]
[SourceTitle "Ajedrez en Madrid"]
[Source "lmi"]
[SourceDate "2017.09.17"]

1. e4 e6 2. d4 d5 3. e5 c5 4. f4 cxd4 5. Nf3 Nc6 6. Nxd4 Bd7 7. Nc3 Bb4 8. Be2
Nge7 9. O-O Nxd4 10. Qxd4 Qa5 11. Qd3 O-O 12. Bd2 Nf5 13. a3 Qb6+ 14. Kh1 Bxc3
15. Bxc3 Rac8 16. Rad1 a6 17. Rf3 Bc6 18. Rh3 Rfd8 19. Bd4 Qc7 20. c3 h6 21. g4
Bb5 22. Qe3 Bxe2 23. Qxe2 Ne7 24. Rf1 Nc6 25. Rd1 Qe7 26. Qf2 Nxd4 27. Rxd4 Rc6
28. Rh5 b5 29. g5 hxg5 30. Rxg5 f6 31. Rg6 fxe5 32. fxe5 Rc4 33. Qg1 Rf8 34.
Qg4 Rf5 35. Rxc4 dxc4 36. Qd4 Qf7 37. Rg3 Qh5 38. Qd8+ Kh7 39. Qe7 Rf1+ 40. Kg2
Qe2+ 41. Kh3 Qxe5 42. Qh4+ Kg8 43. Qd8+ Rf8 44. Qd4 Qf5+ 45. Kg2 Qf1# 0-1

[Event "29. Torneo San Viator 2017 - Torneo B"]
[Site "Madrid ESP"]
[Date "2017.10.22"]
[Round "5.9"]
[White "Ramos Antona, Enrique"]
[Black "Alameda Arellano, Cristeto"]
[Result "0-1"]
[WhiteElo "1650"]
[BlackElo "1577"]
[PlyCount "60"]
[EventDate "2017.09.17"]
[EventType "swiss"]
[EventRounds "9"]
[EventCountry "ESP"]
[SourceTitle "Ajedrez en Madrid"]
[Source "lmi"]
[SourceDate "2017.09.17"]

1. d4 d5 2. c4 c6 3. Nc3 dxc4 4. e3 b5 5. a4 b4 6. Ne4 Qd5 7. Nd2 Ba6 8. Ngf3
Nf6 9. Be2 c3 10. bxc3 bxc3 11. Nb1 Ne4 12. O-O e6 13. Qc2 Bxe2 14. Qxe2 a5 15.
Ne5 Bb4 16. f3 Nd6 17. Rd1 f6 18. Nd3 Qb3 19. Nc5 Bxc5 20. dxc5 c2 21. Rd3
cxb1=Q 22. Rxb3 Qxb3 23. cxd6 O-O 24. Ra3 Qb4 25. Rd3 Qxa4 26. Rd4 Qb5 27. Qa2
Kf7 28. d7 Rd8 29. Re4 Qd5 30. Rd4 Qxa2 0-1

[Event "29. Torneo San Viator 2017 - Torneo B"]
[Site "Madrid ESP"]
[Date "2017.10.22"]
[Round "5.10"]
[White "Rivera Rodriguez, Luis Fernando"]
[Black "Gomez Logrosan, Cristian"]
[Result "0-1"]
[WhiteElo "1458"]
[BlackElo "1638"]
[PlyCount "68"]
[EventDate "2017.09.17"]
[EventType "swiss"]
[EventRounds "9"]
[EventCountry "ESP"]
[SourceTitle "Ajedrez en Madrid"]
[Source "lmi"]
[SourceDate "2017.09.17"]

1. e4 c5 2. Nf3 d6 3. Bb5+ Bd7 4. Bxd7+ Qxd7 5. d4 cxd4 6. Nxd4 Nf6 7. Nc3 e6
8. f3 Be7 9. Be3 O-O 10. O-O Nc6 11. Nb3 Ne5 12. Qe2 Rfc8 13. Rfd1 Qc6 14. Na5
Qc7 15. Nb3 Nc4 16. Nb5 Qb8 17. Rab1 a6 18. Nc3 Nxb2 19. Rxb2 Rxc3 20. Na5 b5
21. Bd4 Rc8 22. Rdb1 Qc7 23. Nb3 Nd7 24. Qf2 Ne5 25. Bb6 Qb8 26. Na5 Nc4 27.
Nxc4 Rxc4 28. Be3 Qc7 29. Bb6 Qc6 30. Rd1 Rc8 31. Rd2 h6 32. Bd4 Bd8 33. Kf1
Ba5 34. Re2 Rxd4 0-1

[Event "29. Torneo San Viator 2017 - Torneo B"]
[Site "Madrid ESP"]
[Date "2017.10.22"]
[Round "5.11"]
[White "Castro Uceda, Jose Antonio"]
[Black "Urbelz Perez, Ignacio"]
[Result "1-0"]
[WhiteElo "1636"]
[BlackElo "1517"]
[PlyCount "109"]
[EventDate "2017.09.17"]
[EventType "swiss"]
[EventRounds "9"]
[EventCountry "ESP"]
[SourceTitle "Ajedrez en Madrid"]
[Source "lmi"]
[SourceDate "2017.09.17"]

1. e4 c6 2. d4 d5 3. exd5 cxd5 4. Nf3 Bg4 5. h3 Bh5 6. Be2 e6 7. O-O Nf6 8. Ne5
Bxe2 9. Qxe2 Be7 10. Qb5+ Nc6 11. Nxc6 bxc6 12. Qxc6+ Nd7 13. Nc3 O-O 14. Qb5
a5 15. Qd3 Nb6 16. Qg3 Bf6 17. Ne2 a4 18. Bf4 Qc8 19. Rac1 Qa6 20. Rfe1 Rfc8
21. Bg5 Nd7 22. c3 Qc4 23. Ra1 Rab8 24. Bc1 e5 25. dxe5 Bxe5 26. Qf3 Nf6 27.
Qe3 Re8 28. Qf3 d4 29. cxd4 Bxd4 30. a3 Rb3 31. Qf4 Qd3 32. Qd2 Qxd2 33. Bxd2
Bxb2 34. Rab1 Bxa3 35. Nd4 Rxb1 36. Rxb1 Ne4 37. Bb4 Bxb4 38. Rxb4 Ra8 39. Nc6
f5 40. Ne7+ Kf7 41. Nxf5 a3 42. Ne3 a2 43. Nc2 a1=Q+ 44. Nxa1 Rxa1+ 45. Kh2 Re1
46. f3 Nf6 47. Kg3 Re2 48. Rb7+ Kg6 49. Rb6 h5 50. h4 Kf5 51. Rb5+ Re5 52. Rb7
g6 53. Rb4 g5 54. hxg5 Kxg5 55. f4+ 1-0

[Event "29. Torneo San Viator 2017 - Torneo B"]
[Site "Madrid ESP"]
[Date "2017.10.22"]
[Round "5.12"]
[White "Tenorio Garcia, Joel"]
[Black "Perez Sempere, Alberto"]
[Result "0-1"]
[WhiteElo "1515"]
[BlackElo "1731"]
[PlyCount "108"]
[EventDate "2017.09.17"]
[EventType "swiss"]
[EventRounds "9"]
[EventCountry "ESP"]
[SourceTitle "Ajedrez en Madrid"]
[Source "lmi"]
[SourceDate "2017.09.17"]

1. e4 c5 2. Nf3 Nc6 3. d4 cxd4 4. Nxd4 Nf6 5. Nc3 g6 6. Be3 Bg7 7. Bc4 O-O 8.
Bb3 d6 9. f3 Na5 10. Qd2 Nxb3 11. Nxb3 a6 12. O-O-O Bd7 13. h4 h5 14. Rdg1 Rc8
15. Nd5 Nxd5 16. exd5 Bf5 17. c3 b5 18. Nd4 Bxd4 19. Qxd4 Rc4 20. Qd1 b4 21.
Bd4 Qa5 22. Qb3 Rfc8 23. Rd1 bxc3 24. a3 cxb2+ 25. Kxb2 Bc2 26. Qb7 R4c7 27.
Qb6 Qxb6+ 28. Bxb6 Rb7 29. Rc1 Rxb6+ 30. Ka1 Bf5 31. Rxc8+ Bxc8 32. Rc1 Bf5 33.
Ka2 Rb5 34. Rc7 e6 35. dxe6 Bxe6+ 36. Ka1 Rb3 37. Rc6 Rxa3+ 38. Kb2 Ra2+ 39.
Kc3 Rxg2 40. Rxd6 a5 41. Kd3 a4 42. Ra6 Bb3 43. Ke3 Rh2 44. Kf4 Rxh4+ 45. Kg5
Rh3 46. Kh6 Kf8 47. f4 Rf3 48. Kg5 Kg7 49. Ra7 Rf1 50. Ra6 Rg1+ 51. Kh4 Rg4+
52. Kh3 Rxf4 53. Kg3 g5 54. Ra5 Kg6 0-1

[Event "29. Torneo San Viator 2017 - Torneo B"]
[Site "Madrid ESP"]
[Date "2017.10.22"]
[Round "5.13"]
[White "Rojo Jorge, Angel"]
[Black "Jimenez Alvaro, Angel"]
[Result "0-1"]
[WhiteElo "1476"]
[BlackElo "1683"]
[PlyCount "120"]
[EventDate "2017.09.17"]
[EventType "swiss"]
[EventRounds "9"]
[EventCountry "ESP"]
[SourceTitle "Ajedrez en Madrid"]
[Source "lmi"]
[SourceDate "2017.09.17"]

1. Nf3 f5 2. c4 Nf6 3. g3 d6 4. d4 e6 5. Nc3 Be7 6. Bg2 O-O 7. O-O a5 8. b3 Qe8
9. Qd3 Nc6 10. Bf4 Bd8 11. Rfc1 e5 12. dxe5 dxe5 13. Nxe5 Nxe5 14. Bd5+ Kh8 15.
Qd4 Ng6 16. Be3 Nxd5 17. Nxd5 Bf6 18. Nxf6 Rxf6 19. Rd1 Rd6 20. Qc5 Qc6 21.
Qxc6 bxc6 22. c5 Rd5 23. Rac1 Ba6 24. Kf1 Rad8 25. Ke1 Ne5 26. Bf4 Re8 27. Rxd5
cxd5 28. Bxe5 Rxe5 29. e3 g5 30. Kd2 Kg7 31. Kc3 c6 32. Kd4 Re4+ 33. Kc3 f4 34.
gxf4 gxf4 35. Rg1+ Kf7 36. Rg4 fxe3 37. Rxe4 dxe4 38. fxe3 Ke6 39. Kd4 Kf5 40.
a3 Bd3 41. b4 axb4 42. axb4 h5 43. Kc3 Kg4 44. Kd4 Kf3 45. h4 Kf2 46. b5 Bxb5
47. Kxe4 Kg3 48. Kf5 Kxh4 49. Kf4 Kh3 50. Kf3 Bc4 51. e4 Be6 52. e5 Bd5+ 53.
Kf4 h4 54. Kf5 Kg3 55. e6 h3 56. e7 Bf7 57. Kf6 Be8 58. Kg7 h2 59. Kf8 Bd7 60.
e8=Q Bxe8 0-1

[Event "29. Torneo San Viator 2017 - Torneo B"]
[Site "Madrid ESP"]
[Date "2017.10.22"]
[Round "5.14"]
[White "Marcelo De La Mata, Daniel"]
[Black "Blanco Martin, Oscar"]
[Result "1-0"]
[WhiteElo "1641"]
[BlackElo "1461"]
[PlyCount "135"]
[EventDate "2017.09.17"]
[EventType "swiss"]
[EventRounds "9"]
[EventCountry "ESP"]
[SourceTitle "Ajedrez en Madrid"]
[Source "lmi"]
[SourceDate "2017.09.17"]

1. e4 e6 2. d4 d5 3. exd5 exd5 4. Bd3 Bd6 5. Nf3 Ne7 6. O-O Bf5 7. b3 c6 8.
Bxf5 Nxf5 9. Re1+ Ne7 10. c4 O-O 11. Ba3 Ng6 12. Bxd6 Qxd6 13. Qc2 Nd7 14. Qf5
Nf6 15. Nbd2 Qd7 16. Qxd7 Nxd7 17. Re3 Rfe8 18. Rae1 Rxe3 19. Rxe3 Nf6 20. Ne5
Nxe5 21. Rxe5 Kf8 22. h3 Re8 23. f4 dxc4 24. bxc4 Rd8 25. Nf3 Nd7 26. Re3 Nb6
27. Rc3 f6 28. Kf2 Ke7 29. Ke3 g6 30. g3 Rd7 31. Nd2 Nc8 32. c5 Ke6 33. Nb3 Ne7
34. Rc2 Nf5+ 35. Kf3 Nxd4+ 36. Nxd4+ Rxd4 37. Re2+ Kd7 38. Rb2 Kc8 39. Rc2 Rd5
40. g4 f5 41. Kg3 fxg4 42. hxg4 Kc7 43. Kf3 Kd7 44. Rb2 Kc7 45. Rc2 b6 46.
cxb6+ axb6 47. Rh2 Rd7 48. Ke4 Re7+ 49. Kd4 c5+ 50. Kd5 Rd7+ 51. Ke6 Kc6 52. f5
gxf5 53. gxf5 c4 54. f6 Rd6+ 55. Ke7 b5 56. f7 Rd7+ 57. Ke8 Rxf7 58. Kxf7 b4
59. Ke6 Kb5 60. Kd5 b3 61. axb3 cxb3 62. Kd4 Kb4 63. Kd3 Ka3 64. Kc3 Ka4 65.
Rxh7 b2 66. Rb7 b1=N+ 67. Rxb1 Ka5 68. Kc4 1-0

[Event "29. Torneo San Viator 2017 - Torneo B"]
[Site "Madrid ESP"]
[Date "2017.10.22"]
[Round "5.15"]
[White "Murillo Paz, Pedro"]
[Black "Martin Claudio, Andres"]
[Result "0-1"]
[WhiteElo "1471"]
[BlackElo "1633"]
[PlyCount "66"]
[EventDate "2017.09.17"]
[EventType "swiss"]
[EventRounds "9"]
[EventCountry "ESP"]
[SourceTitle "Ajedrez en Madrid"]
[Source "lmi"]
[SourceDate "2017.09.17"]

1. e4 e5 2. Nf3 Nc6 3. Nc3 Nf6 4. Bc4 Be7 5. d4 d6 6. d5 Nb8 7. Be3 O-O 8. Qd2
a6 9. h4 b5 10. Bd3 c5 11. dxc6 Nxc6 12. Nd5 Nxd5 13. exd5 Nb8 14. h5 f5 15.
O-O-O f4 16. Bc5 dxc5 17. Nxe5 Qd6 18. Rde1 Bf5 19. Qe2 Bxd3 20. Qxd3 Nd7 21.
Nc6 Bg5 22. Re6 f3+ 23. Kb1 fxg2 24. Rg1 Qh2 25. Ree1 Rxf2 26. d6 Raf8 27. Qd5+
Kh8 28. a3 Rf1 29. Qxg5 Qxg1 30. h6 Rxe1+ 31. Ka2 Ra1+ 32. Kb3 Rf3+ 33. c3 Qd1#
0-1

[Event "29. Torneo San Viator 2017 - Torneo B"]
[Site "Madrid ESP"]
[Date "2017.10.22"]
[Round "5.16"]
[White "Lopez Martin, Israel"]
[Black "Rendo Quindos, Pedro"]
[Result "0-1"]
[WhiteElo "1444"]
[BlackElo "1550"]
[PlyCount "52"]
[EventDate "2017.09.17"]
[EventType "swiss"]
[EventRounds "9"]
[EventCountry "ESP"]
[SourceTitle "Ajedrez en Madrid"]
[Source "lmi"]
[SourceDate "2017.09.17"]

1. e4 e5 2. Nf3 Nf6 3. Bc4 Nc6 4. d3 Be7 5. O-O O-O 6. Nbd2 d6 7. h3 Be6 8.
Bxe6 fxe6 9. c3 Nh5 10. Nh2 Nf4 11. Ndf3 Qd7 12. Bxf4 exf4 13. d4 Rad8 14. h4
b6 15. g4 fxg3 16. fxg3 e5 17. g4 Rf4 18. Qe2 Rdf8 19. Rf2 exd4 20. cxd4 Bxh4
21. Nxh4 Rxf2 22. Qc4+ Kh8 23. Nf5 Rxb2 24. d5 Ne5 25. Qd4 Rxh2 26. Kxh2 Nf3+
0-1

[Event "29. Torneo San Viator 2017 - Torneo B"]
[Site "Madrid ESP"]
[Date "2017.10.22"]
[Round "5.17"]
[White "Jarne Anguita, Miguel"]
[Black "Salgado Duarte, Pablo"]
[Result "0-1"]
[WhiteElo "1436"]
[BlackElo "1549"]
[PlyCount "84"]
[EventDate "2017.09.17"]
[EventType "swiss"]
[EventRounds "9"]
[EventCountry "ESP"]
[SourceTitle "Ajedrez en Madrid"]
[Source "lmi"]
[SourceDate "2017.09.17"]

1. d4 d5 2. Nf3 Nf6 3. e3 Nc6 4. b3 a6 5. Bb2 Bf5 6. Bd3 Bxd3 7. Qxd3 e6 8. O-O
Bd6 9. Nbd2 h6 10. c4 b6 11. Rac1 Nb4 12. Qb1 O-O 13. a3 Nc6 14. cxd5 Ne7 15.
dxe6 fxe6 16. Nc4 Rc8 17. Qd3 b5 18. Nxd6 Qxd6 19. Ne5 Rfd8 20. Rc2 Ne8 21. Qe4
Nf6 22. Qf3 Rf8 23. Qg3 Nf5 24. Qf3 Nd5 25. Qe2 Nfe7 26. Rfc1 Rf6 27. Nc6 Rf7
28. Nxe7+ Nxe7 29. Qh5 Rf5 30. Qg4 Rg5 31. Qf4 Qd5 32. e4 Qxb3 33. Qd2 Qh3 34.
g3 c6 35. f4 Rg4 36. Qb4 Ng6 37. Qd6 Nxf4 38. Rf2 Rf8 39. Rcf1 Ne2+ 40. Kh1
Rxf2 41. Rxf2 Nxg3+ 42. Qxg3 Rxg3 0-1

[Event "29. Torneo San Viator 2017 - Torneo B"]
[Site "Madrid ESP"]
[Date "2017.10.22"]
[Round "5.18"]
[White "Calvo Gonzalez, Jose Felix"]
[Black "Fernandez Garcia, Emiliano"]
[Result "0-1"]
[WhiteElo "1385"]
[BlackElo "1537"]
[PlyCount "72"]
[EventDate "2017.09.17"]
[EventType "swiss"]
[EventRounds "9"]
[EventCountry "ESP"]
[SourceTitle "Ajedrez en Madrid"]
[Source "lmi"]
[SourceDate "2017.09.17"]

1. e4 c6 2. d4 d5 3. Nd2 dxe4 4. Nxe4 Bf5 5. Ng3 Bg6 6. N1e2 h6 7. Nf4 Bh7 8.
Bc4 Nf6 9. c3 Nbd7 10. Qb3 Bg8 11. O-O Qb6 12. Bd2 Qxb3 13. Bxb3 e6 14. Rfe1
Be7 15. f3 O-O-O 16. a4 g5 17. Nfe2 Bh7 18. Kh1 Rdg8 19. Bd1 h5 20. b4 h4 21.
Nf1 Bd3 22. b5 cxb5 23. axb5 Kb8 24. f4 Ne4 25. Kg1 Nxd2 26. Nxd2 Bxb5 27. c4
Bc6 28. d5 Bc5+ 29. Kh1 exd5 30. cxd5 Bxd5 31. Rc1 h3 32. Nf3 hxg2+ 33. Kxg2
gxf4+ 34. Ng3 fxg3 35. hxg3 Bd6 36. g4 Rxg4+ 0-1

[Event "29. Torneo San Viator 2017 - Torneo B"]
[Site "Madrid ESP"]
[Date "2017.10.22"]
[Round "5.19"]
[White "Garcia Martin, Javier"]
[Black "Haering Hijon, Javier"]
[Result "1/2-1/2"]
[WhiteElo "1532"]
[BlackElo "1344"]
[PlyCount "48"]
[EventDate "2017.09.17"]
[EventType "swiss"]
[EventRounds "9"]
[EventCountry "ESP"]
[SourceTitle "Ajedrez en Madrid"]
[Source "lmi"]
[SourceDate "2017.09.17"]

1. d4 d5 2. c4 e6 3. Nc3 Nf6 4. Nf3 Nc6 5. Bg5 h6 6. Bf4 b6 7. e3 Bb7 8. a3 a5
9. Bd3 Be7 10. O-O O-O 11. cxd5 Nxd5 12. Nxd5 exd5 13. Rc1 Bd6 14. Bxd6 Qxd6
15. Qc2 Rac8 16. Bf5 Rcd8 17. Ne5 Nxe5 18. dxe5 Qxe5 19. Qxc7 Qxf5 20. Qxb7 Rb8
21. Qe7 Rfe8 22. Qd6 Red8 23. Qe7 Re8 24. Qd6 Red8 1/2-1/2

[Event "29. Torneo San Viator 2017 - Torneo B"]
[Site "Madrid ESP"]
[Date "2017.10.22"]
[Round "5.20"]
[White "Lavayen Torres, Leonardo"]
[Black "Serrano Ruiz, Lope"]
[Result "1-0"]
[WhiteElo "1342"]
[BlackElo "1521"]
[PlyCount "87"]
[EventDate "2017.09.17"]
[EventType "swiss"]
[EventRounds "9"]
[EventCountry "ESP"]
[SourceTitle "Ajedrez en Madrid"]
[Source "lmi"]
[SourceDate "2017.09.17"]

1. e4 Nf6 2. e5 Nd5 3. c4 Nb6 4. d4 d6 5. exd6 exd6 6. Nf3 Bg4 7. h3 Bh5 8. b3
Be7 9. Be2 O-O 10. O-O Bf6 11. Bb2 Nc6 12. Nbd2 Re8 13. Re1 a5 14. d5 Bxb2 15.
Rb1 Ba3 16. dxc6 Bg6 17. cxb7 Rb8 18. Nd4 Rxb7 19. Nc2 Bc5 20. Rc1 Qh4 21. Rf1
Bf5 22. Nf3 Qg3 23. Ncd4 Bxd4 24. Nxd4 Qg6 25. Bh5 Qg5 26. Qf3 g6 27. Nxf5 Rbb8
28. Ng3 gxh5 29. Nxh5 Re6 30. Rfe1 Rbe8 31. Nf6+ Rxf6 32. Rxe8+ Kg7 33. Qg4
Qxg4 34. hxg4 Rf4 35. f3 Rd4 36. Rce1 Rd2 37. R1e2 Rd1+ 38. Kf2 Ra1 39. R8e7
Na8 40. f4 a4 41. bxa4 Nb6 42. a5 Nxc4 43. a6 d5 44. a7 1-0